00653nam a22001577a 450000500170000000800410001702000180005804000100007608200250008610000270011124501280013826000540026630000320032050000290035265001140038120260515125930.0260513b |||||||| |||| 00| 0 eng d a9789352872794 cVITAP 223rd Ed.a378.54 TIL aTilak, Jandhyala B. G. aThe Collected Writings of Jandhyala B.G. Tilak b: Dilemmas in Reforming Higher Education in Indiac/ Jandhyala B. G. Tilak aHyderabadbOrient BlackSwan Private Limitedc2018 axxxiii, 518p. : ill. ; 22cm aIt includes Index Pages. 0aEducation; Higher -- India; Educatio, Higher -- India -- Finance; Privatization in education -- India 2